League of Legends champions by image #1 - Statistics

General Stats
  • This quiz has been taken 101 times
  • The average score is 14 of 16
Answer Stats
Picture Answer % Correct
Blitzcrank
99%
Ahri
97%
Annie
97%
Akali
96%
Aatrox
94%
Ashe
94%
Bard
94%
Amumu
92%
Anivia
89%
Alistar
88%
Brand
87%
Aurelion Sol
84%
Azir
81%
Aphelios
74%
Bel Veth
74%
Akshan
70%
No matching quizzes found
Score Distribution
Percent of People with Each Score
Percentile by Number Answered
Your Score History
You have not taken this quiz